000 00238nam a2200097Ia 4500
008 240331s9999 xx 000 0 und d
082 _bMUT
100 _aMuthumeeran, S
245 0 _aKilakilankai muslimkalin kramiyak kaviyamutham
942 _cL
999 _c3629
_d3629